| 000 | 00572nam a2200181 i 4500 | ||
|---|---|---|---|
| 001 | 57790 | ||
| 003 | ES-MaACL | ||
| 005 | 20230906163641.0 | ||
| 007 | t| | ||
| 008 | 031017s1914 xxk ||||1| eng d | ||
| 100 | 1 |
_aDomville-Fife, Charles W. _945269 |
|
| 245 | 1 | 0 |
_aSubmarine mines and torpedoes in the war / _cCharles W. Domville Fife. |
| 260 |
_aLondon : _b[s.n., _c1914] ( _fWyman & sons ltd.) |
||
| 300 |
_a192 p. ; _c17 cm. |
||
| 650 | 4 |
_aMinas submarinas (Explosivos militares) _9166510 |
|
| 650 | 0 | 4 |
_aGuerra mundial, 1914-1918. _913212 |
| 852 |
_aES-MaACL _jD-2569 |
||
| 999 |
_c57790 _d57790 |
||